[Event "Asuncion CIT op"]
[Site "Asuncion"]
[Date "2023.08.17"]
[Round "8"]
[White "Cabrera Gonzalez, Benjamin Antonio"]
[Black "Ruiz Espinola, Larissa Aleli"]
[Result "1-0"]
[WhiteElo "1113"]
[BlackElo "1198"]
[PlyCount "57"]
[EventDate "2023.08.12"]
[EventType "swiss"]
[EventRounds "9"]
[EventCountry "PAR"]
[SourceTitle "CBM 215 Extra"]
[Source "ChessBase"]
[SourceDate "2023.09.30"]
[SourceVersion "1"]
[SourceVersionDate "2023.09.30"]
[SourceQuality "1"]

1. d4 d5 2. Nf3 Nf6 3. Bf4 Bf5 4. e3 e6 5. h3 c5 6. Be2 h6 7. c3 Be7 8. 0-0 g5 9. Bh2 g4 10. hxg4 Bxg4 11. Ne5 Bxe2 12. Qxe2 Bd6 13. Qb5+ Nc6 14. Nxc6 Bxh2+ 15. Kh1 Qb6 16. Nxa7+ Qxb5 17. Nxb5 cxd4 18. Kxh2 dxe3 19. Nc7+ Kd8 20. Nxa8 Kd7 21. Nb6+ Kc6 22. Nxd5 exd5 23. fxe3 Ng4+ 24. Kh3 Nxe3 25. Na3 Nxf1 26. Rxf1 Rf8 27. Rf6+ Kc5 28. Rxh6 Re8 29. b4# 1-0

[Event "Asuncion CIT op"]
[Site "Asuncion"]
[Date "2023.08.16"]
[Round "7"]
[White "Gonzalez Roman, Brahian Daniel"]
[Black "Cabrera Gonzalez, Benjamin Antonio"]
[Result "1-0"]
[WhiteElo "1285"]
[BlackElo "1113"]
[PlyCount "71"]
[EventDate "2023.08.12"]
[EventType "swiss"]
[EventRounds "9"]
[EventCountry "PAR"]
[SourceTitle "CBM 215 Extra"]
[Source "ChessBase"]
[SourceDate "2023.09.30"]
[SourceVersion "1"]
[SourceVersionDate "2023.09.30"]
[SourceQuality "1"]

1. e4 e5 2. Nf3 Nc6 3. d4 exd4 4. Bc4 Nf6 5. 0-0 Nxe4 6. Re1 d5 7. Bxd5 Qxd5 8. Nc3 Qh5 9. Nxe4 Be6 10. Nxd4 Qxd1 11. Rxd1 0-0-0 12. Be3 Rd7 13. Nxc6 bxc6 14. Rxd7 Kxd7 15. Bxa7 Bf5 16. Rd1+ Kc8 17. Rd4 Bxe4 18. Rxe4 c5 19. Rc4 Kb7 20. Bxc5 Bxc5 21. Rxc5 Rd8 22. g3 Rd1+ 23. Kg2 Ra1 24. Ra5 Rc1 25. c3 Rb1 26. Rb5+ Ka7 27. a4 Ra1 28. b3 Rc1 29. Rc5 Kb6 30. b4 Ra1 31. a5+ Kb7 32. c4 Rb1 33. b5 Ra1 34. a6+ Kb6 35. Rc6+ Ka7 36. Rxc7+ 1-0